| 000 | 00710nam a2200217 a 4500 | ||
|---|---|---|---|
| 001 | 000034563 | ||
| 003 | DO-SdBNP | ||
| 005 | 20250409145005.0 | ||
| 008 | 111006s19-- dr 000 0 spa d | ||
| 040 |
_aDO-SdBNP _bspa _cBNPHU |
||
| 082 | 4 |
_a398.097293 _bG626e _222 |
|
| 100 | 1 |
_aGolibart González, Porfirio. _958752 |
|
| 245 | 1 | 0 |
_aEn defensa de nuestro folklore / _cPorfirio Golibart González. |
| 260 |
_a[Santo Domingo, : _b[s. n.] , _c19--?]. |
||
| 300 |
_a50 p. ; _c23 cm. |
||
| 590 | _aInventariado, 2018/LP | ||
| 650 | 0 |
_aFolclore _zRepública Dominicana _933448 |
|
| 650 | 4 |
_aMúsica popular dominicana _xHistoria y crítica _91099 |
|
| 910 | _aValidado. Control de calidad MFF | ||
| 942 |
_2ddc _cLF2 |
||
| 999 |
_c34054 _d34054 |
||